Strategies of biological nitrogen fixation in rubber plantation (Record no. 50333)

MARC details
000 -LEADER
fixed length control field 00504nam a2200145Ia 4500
100 ## - MAIN ENTRY--AUTHOR NAME
Personal name Kothandaraman R.
245 #0 - TITLE STATEMENT
Title Strategies of biological nitrogen fixation in rubber plantation
260 ## - PUBLICATION, DISTRIBUTION, ETC. (IMPRINT)
Name of publisher National Seminar on Biological Nitrogen fixation: Prospects and strategies, 12 March 1993, University of Madras, India
Year of publication 1993
650 ## - SUBJECT ADDED ENTRY--TOPICAL TERM
Topical Term Nitrogen fixation
650 ## - SUBJECT ADDED ENTRY--TOPICAL TERM
Topical Term Rubber plantation
700 ## - ADDED ENTRY--PERSONAL NAME
Personal name Joseph K.[a]
700 ## - ADDED ENTRY--PERSONAL NAME
Personal name Mathew J.
942 ## - ADDED ENTRY ELEMENTS (KOHA)
Koha item type Bibliography STAF
Holdings
Withdrawn status Lost status Damaged status Not for loan Home library Current library Shelving location Date acquired Koha item type
      Bibliography RRII Library RRII Library Pathology 09/04/2014 Bibliography STAF